[Event "Perth AUS Open"]
[Site "?"]
[Date "2023.01.02"]
[Round "1.29"]
[White "Hardegen, Kathryn"]
[Black "Sheridan, Wallace"]
[Result "1-0"]
[WhiteElo "1887"]
[BlackElo "1461"]
[PlyCount "81"]
[EventDate "2023.01.??"]
[EventRounds "11"]
[EventCountry "AUS"]
[SourceVersionDate "2023.01.02"]

1. d4 d5 2. Nf3 Nf6 3. Bf4 e6 4. e3 Bd6 5. Bg3 O-O 6. Bd3 c5 7. c3 Nc6 8. Nbd2 b6 9. Ne5 Bb7 10. O-O Ne7 11. Rc1 Ne4 12. Bxe4 dxe4 13. Qc2 f6 14. Nec4 Bxg3 15. hxg3 cxd4 16. exd4 Rc8 17. Rfe1 f5 18. Ne5 Nc6 19. Nxc6 Bxc6 20. Nc4 Bd5 21. Ne5 a5 22. b3 Qg5 23. Nd7 Rfd8 24. Nxb6 Rc7 25. Nxd5 exd5 26. Qe2 Rdc8 27. c4 dxc4 28. bxc4 Qf6 29. d5 Rc5 30. Red1 Qa6 31. d6 Rd8 32. Qd2 Qc6 33. Qd4 Rd7 34. Rb1 Kf7 35. Rb8 Rxc4 36. Qe5 Rc5 37. Qe8+ Kf6 38. Rd8 Rxd8 39. Qxd8+ Kf7 40. Qe7+ Kg6 41. d7 1-0

[Event "Perth AUS Open"]
[Site "?"]
[Date "2023.01.02"]
[Round "1.30"]
[White "Solomontchik, Daniel"]
[Black "Andador, Dominador"]
[Result "1-0"]
[WhiteElo "1452"]
[BlackElo "1886"]
[PlyCount "153"]
[EventDate "2023.01.??"]
[EventRounds "11"]
[EventCountry "AUS"]
[SourceVersionDate "2023.01.02"]

1. e4 d6 2. d4 Nf6 3. Nc3 g6 4. f4 Bg4 5. Be2 Bxe2 6. Qxe2 Nc6 7. Nf3 e6 8. e5 dxe5 9. fxe5 Nh5 10. Be3 Ng7 11. Qb5 Qd7 12. Ne4 Be7 13. O-O-O a6 14. Qb3 b6 15. Bg5 Qd5 16. Qxd5 exd5 17. Nc3 Ne6 18. Bxe7 Nxe7 19. h4 h6 20. h5 g5 21. Nh2 O-O-O 22. Ng4 c5 23. Ne2 cxd4 24. Nxd4 Nxd4 25. Rxd4 Nc6 26. Rd2 d4 27. Rf1 Rd7 28. Rf6 Kc7 29. Rdf2 Rh7 30. Rxh6 Rxh6 31. Nxh6 Nxe5 32. Rf5 f6 33. Rxf6 d3 34. cxd3 Nxd3+ 35. Kb1 Ne1 36. Rf7 Nxg2 37. Rxd7+ Kxd7 38. Nf7 Nf4 39. h6 Ke7 40. Nxg5 Kf6 41. h7 Kg7 42. Kc2 Nd5 43. a3 a5 44. Kd3 b5 45. b3 a4 46. b4 Nb6 47. Ne6+ Kxh7 48. Nd4 Kg7 49. Nxb5 Kf6 50. Kd4 Ke6 51. Kc5 Nd5 52. Nd4+ Ke5 53. Nc6+ Ke6 54. b5 Nf6 55. b6 Nd7+ 56. Kb5 Kd6 57. Nb4 Nc5 58. Na6 Nb7 59. Nb4 Nc5 60. Na2 Ne4 61. Kxa4 Kc6 62. Ka5 Nc5 63. Nb4+ Kb7 64. Kb5 Nd7 65. Nd5 Nxb6 66. Nxb6 Ka7 67. Ka5 Kb7 68. Nd5 Ka7 69. Nc3 Kb7 70. Nb5 Kb8 71. Ka6 Ka8 72. Nd6 Kb8 73. Nc4 Ka8 74. Nb6+ Kb8 75. a4 Kc7 76. Ka7 Kc6 77. a5 1-0

[Event "Perth AUS Open"]
[Site "?"]
[Date "2023.01.02"]
[Round "1.31"]
[White "Harris, Eamon"]
[Black "Arthur, Matthew"]
[Result "1-0"]
[WhiteElo "1884"]
[BlackElo "1605"]
[PlyCount "53"]
[EventDate "2023.01.??"]
[EventRounds "11"]
[EventCountry "AUS"]
[SourceVersionDate "2023.01.02"]

1. e4 c6 2. d4 d5 3. e5 c5 4. c3 Nc6 5. Be3 cxd4 6. cxd4 e6 7. Nc3 Nge7 8. Bd3 Ng6 9. f4 Nh4 10. Qd2 Nf5 11. Nf3 Qb6 12. Bxf5 exf5 13. Nxd5 Bb4 14. Nxb6 Bxd2+ 15. Kxd2 axb6 16. d5 Nb4 17. d6 O-O 18. Bxb6 Be6 19. a3 Nd5 20. Be3 Rac8 21. Rac1 h6 22. g3 f6 23. Nd4 Bd7 24. e6 Bxe6 25. Nxe6 Nxe3 26. Rxc8 Rxc8 27. d7 1-0

[Event "Perth AUS Open"]
[Site "?"]
[Date "2023.01.02"]
[Round "1.32"]
[White "Raptis, Liam"]
[Black "Young, Micah"]
[Result "0-1"]
[WhiteElo "1436"]
[BlackElo "1845"]
[PlyCount "64"]
[EventDate "2023.01.??"]
[EventRounds "11"]
[EventCountry "AUS"]
[SourceVersionDate "2023.01.02"]

1. e4 c5 2. Nf3 Nc6 3. c3 d5 4. e5 d4 5. Bb5 Bd7 6. d3 e6 7. c4 a6 8. Bxc6 Bxc6 9. O-O h6 10. Re1 g5 11. Nfd2 Bg7 12. Ne4 Bxe5 13. Nxc5 Bxh2+ 14. Kh1 Bc7 15. Ne4 Nf6 16. Nbd2 O-O 17. Nf3 Nxe4 18. dxe4 g4 19. Nh2 h5 20. e5 d3 21. Re3 Qd4 22. Qxd3 Qxd3 23. Rxd3 Bxe5 24. Rb1 Bxh2 25. Kxh2 Be4 26. Rd1 Bxb1 27. Bh6 Bxa2 28. Bxf8 Kxf8 29. Rc1 Rc8 30. c5 Bd5 31. Kg3 b6 32. b4 a5 0-1

[Event "Perth AUS Open"]
[Site "?"]
[Date "2023.01.02"]
[Round "1.33"]
[White "Janceski, Alex"]
[Black "Lawes, Alexander"]
[Result "1-0"]
[WhiteElo "1821"]
[BlackElo "1407"]
[PlyCount "63"]
[EventDate "2023.01.??"]
[EventRounds "11"]
[EventCountry "AUS"]
[SourceVersionDate "2023.01.02"]

1. d4 Nf6 2. c4 e6 3. Nf3 Bb4+ 4. Bd2 Bxd2+ 5. Nbxd2 d5 6. e3 O-O 7. g3 b6 8. Bg2 Nbd7 9. O-O c5 10. Re1 Bb7 11. Rc1 Rc8 12. b3 Re8 13. a3 e5 14. cxd5 Nxd5 15. e4 Nc7 16. d5 Nb5 17. Nc4 Qe7 18. Bh3 f6 19. a4 Nd4 20. Ne3 Rcd8 21. Nxd4 cxd4 22. Be6+ Kh8 23. Nf5 Qf8 24. Rc7 Bc8 25. Rxc8 Nc5 26. Rc7 g6 27. Rf7 Qg8 28. Nh6 Qg7 29. Rxg7 Kxg7 30. Nf7 Rb8 31. Nd6 Re7 32. Bg4 1-0

[Event "Perth AUS Open"]
[Site "?"]
[Date "2023.01.02"]
[Round "1.34"]
[White "Rice, Leah"]
[Black "Saxon, Marc"]
[Result "1/2-1/2"]
[WhiteElo "1403"]
[BlackElo "1813"]
[PlyCount "47"]
[EventDate "2023.01.??"]
[EventRounds "11"]
[EventCountry "AUS"]
[SourceVersionDate "2023.01.02"]

1. d4 Nf6 2. c4 g6 3. Nc3 d5 4. cxd5 Nxd5 5. Nf3 Bg7 6. e3 Nxc3 7. bxc3 c5 8. Bc4 O-O 9. O-O Nc6 10. a4 cxd4 11. cxd4 e5 12. Ba3 Re8 13. Qb3 Be6 14. Bxe6 Rxe6 15. dxe5 Nxe5 16. Nxe5 Bxe5 17. Rad1 Qc7 18. f4 Bg7 19. Rd3 Rae8 20. Rfd1 h5 21. g3 Bf6 22. Kf2 Qb6 23. Rb1 Qxb3 24. Rbxb3 1/2-1/2

[Event "Perth AUS Open"]
[Site "?"]
[Date "2023.01.02"]
[Round "1.35"]
[White "Pimenov, Alex"]
[Black "Chen, Angus"]
[Result "0-1"]
[WhiteElo "1800"]
[BlackElo "1394"]
[PlyCount "58"]
[EventDate "2023.01.??"]
[EventRounds "11"]
[EventCountry "AUS"]
[SourceVersionDate "2023.01.02"]

1. d4 Nf6 2. c4 e6 3. Nf3 d5 4. Nc3 c6 5. e3 Nbd7 6. cxd5 exd5 7. Bd2 Bd6 8. Bd3 O-O 9. O-O c5 10. b3 b6 11. e4 dxe4 12. Nxe4 Be7 13. Nxf6+ Nxf6 14. Be3 cxd4 15. Nxd4 Bb7 16. Nf5 Rc8 17. Nxe7+ Qxe7 18. Re1 Qd7 19. Qd2 Rfd8 20. Rad1 Qg4 21. g3 Qf3 22. Be4 Bxe4 23. Qxd8+ Ne8 24. Qxe8+ Rxe8 25. Kf1 Qg2+ 26. Ke2 Bf3+ 27. Kd2 Rd8+ 28. Kc2 Bxd1+ 29. Rxd1 Qc6+ 0-1

[Event "Perth AUS Open"]
[Site "?"]
[Date "2023.01.02"]
[Round "1.36"]
[White "Ong, Celine"]
[Black "Stewart, Clint"]
[Result "0-1"]
[WhiteElo "1376"]
[BlackElo "1799"]
[PlyCount "50"]
[EventDate "2023.01.??"]
[EventRounds "11"]
[EventCountry "AUS"]
[SourceVersionDate "2023.01.02"]

1. e4 c5 2. Nf3 d6 3. d4 cxd4 4. Nxd4 Nf6 5. Nc3 g6 6. f3 Bg7 7. Be3 O-O 8. Qd2 Nc6 9. O-O-O d5 10. Qe1 e5 11. Nxc6 bxc6 12. exd5 cxd5 13. Bg5 Bb7 14. Bc4 d4 15. Qxe5 Ng4 16. Qf4 Qa5 17. Ne4 Bxe4 18. Qxg4 Bf5 19. Qh4 Rac8 20. Bb3 d3 21. Bd2 Rxc2+ 22. Bxc2 Qxa2 23. Qb4 Rc8 24. Bc3 Bxc3 25. Qa3 Bxb2+ 0-1

[Event "Perth AUS Open"]
[Site "?"]
[Date "2023.01.02"]
[Round "1.37"]
[White "Rozuwiecka, Anna"]
[Black "Moseley, Paul"]
[Result "1-0"]
[WhiteElo "1798"]
[BlackElo "1357"]
[PlyCount "65"]
[EventDate "2023.01.??"]
[EventRounds "11"]
[EventCountry "AUS"]
[SourceVersionDate "2023.01.02"]

1. d4 f5 2. Bg5 h6 3. Bh4 g5 4. Bg3 Nf6 5. h4 Bg7 6. e3 d6 7. Nc3 Nbd7 8. Bd3 e6 9. Nh3 b6 10. Qf3 Rb8 11. Qe2 Bb7 12. O-O-O Bxg2 13. Rh2 Bb7 14. hxg5 hxg5 15. Nxg5 Ke7 16. e4 fxe4 17. Ncxe4 Nxe4 18. Bxe4 Bxe4 19. Qxe4 Qg8 20. Rdh1 Rxh2 21. Bxh2 d5 22. Qe3 Rc8 23. Bf4 Nf6 24. Qa3+ Kd7 25. Qa4+ Ke7 26. Qc6 a5 27. Be5 Bh6 28. Bxf6+ Kxf6 29. Rxh6+ Kxg5 30. Rxe6 Qd8 31. Rg6+ Kf5 32. Qe6+ Kf4 33. Qg4# 1-0

[Event "Perth AUS Open"]
[Site "?"]
[Date "2023.01.02"]
[Round "1.38"]
[White "Milovanovic, Stevica"]
[Black "Laubbacher, Jamie"]
[Result "0-1"]
[WhiteElo "1348"]
[BlackElo "1797"]
[PlyCount "72"]
[EventDate "2023.01.??"]
[EventRounds "11"]
[EventCountry "AUS"]
[SourceVersionDate "2023.01.02"]

1. e4 c5 2. Nc3 Nc6 3. Bb5 Nd4 4. Bc4 e6 5. Nf3 Nf6 6. d3 a6 7. a4 d5 8. e5 Nd7 9. Bb3 Nxf3+ 10. Qxf3 Nxe5 11. Qe2 Nc6 12. O-O Be7 13. Qg4 O-O 14. Ne2 Bf6 15. c3 d4 16. c4 Bd7 17. Ng3 Ne5 18. Qe2 Bc6 19. Bf4 Ng6 20. Bd2 Be7 21. a5 Nh4 22. f3 Qd7 23. Ne4 f5 24. Ng5 Bxg5 25. Bxg5 Ng6 26. Rae1 Rae8 27. Bc1 e5 28. Qf2 e4 29. f4 e3 30. Qe2 Qc7 31. Bd1 Nxf4 32. Rxf4 Qxf4 33. Rf1 Qg5 34. g3 f4 35. Qg4 Qxg4 36. Bxg4 f3 0-1

[Event "Perth AUS Open"]
[Site "?"]
[Date "2023.01.02"]
[Round "1.39"]
[White "Chinbat, Chinguun"]
[Black "Li, Ian"]
[Result "1-0"]
[WhiteElo "1787"]
[BlackElo "1341"]
[PlyCount "43"]
[EventDate "2023.01.??"]
[EventRounds "11"]
[EventCountry "AUS"]
[SourceVersionDate "2023.01.02"]

1. d4 e6 2. c4 b6 3. Nf3 Bb7 4. e3 Bb4+ 5. Bd2 Qe7 6. a3 Bxd2+ 7. Nbxd2 f5 8. Bd3 Nf6 9. Rc1 d6 10. Qc2 Nbd7 11. e4 f4 12. e5 dxe5 13. dxe5 Nh5 14. Be4 O-O-O 15. Bxb7+ Kxb7 16. Qe4+ Kb8 17. Nd4 Nc5 18. Nc6+ Ka8 19. Qf3 Qd7 20. Nxd8+ Kb8 21. Nc6+ Kc8 22. Nxa7+ 1-0

[Event "Perth AUS Open"]
[Site "?"]
[Date "2023.01.02"]
[Round "1.40"]
[White "De Rooy, Samuel"]
[Black "Ellis, David"]
[Result "0-1"]
[WhiteElo "1317"]
[BlackElo "1770"]
[PlyCount "44"]
[EventDate "2023.01.??"]
[EventRounds "11"]
[EventCountry "AUS"]
[SourceVersionDate "2023.01.02"]

1. d4 e6 2. c4 Bb4+ 3. Bd2 Qe7 4. Qb3 Nc6 5. e3 Nf6 6. Bd3 a5 7. a4 Bxd2+ 8. Nxd2 d6 9. Ne2 O-O 10. O-O e5 11. d5 Nb4 12. e4 Nd7 13. Bb1 Nc5 14. Qg3 Bd7 15. f3 Nxa4 16. b3 Nc5 17. Nc3 f6 18. Rc1 g6 19. Bc2 b6 20. h3 Qg7 21. Na2 Qh6 22. Nf1 Nxa2 0-1

[Event "Perth AUS Open"]
[Site "?"]
[Date "2023.01.02"]
[Round "1.41"]
[White "Holliday, Bruce M"]
[Black "De Rooy, Jack"]
[Result "1-0"]
[WhiteElo "1760"]
[BlackElo "1242"]
[PlyCount "121"]
[EventDate "2023.01.??"]
[EventRounds "11"]
[EventCountry "AUS"]
[SourceVersionDate "2023.01.02"]

1. e4 c6 2. d4 d5 3. exd5 cxd5 4. Bd3 Nc6 5. c3 Nf6 6. Bf4 Bg4 7. Qb3 Qb6 8. Qxb6 axb6 9. Na3 e6 10. Nb5 O-O-O 11. Bc7 Re8 12. Bxb6 e5 13. f3 e4 14. Be2 exf3 15. gxf3 Bf5 16. O-O-O g6 17. Bd3 Bh6+ 18. Kc2 Bxd3+ 19. Rxd3 Re7 20. Bc5 Rd7 21. Nh3 Re8 22. Nd6+ Rxd6 23. Bxd6 Re2+ 24. Kb1 Na5 25. b3 Ne8 26. Bf4 Bf8 27. Re3 Rxe3 28. Bxe3 Nd6 29. Kc2 Nf5 30. Re1 Bd6 31. Bf4 Be7 32. Ng5 Bxg5 33. Bxg5 Kd7 34. Kd3 Kd6 35. Bf4+ Kc6 36. Re8 h5 37. Rf8 Nd6 38. Bxd6 Kxd6 39. Rxf7 Nc6 40. Rf6+ Ke7 41. Rxg6 Kf7 42. Rg5 Kf6 43. Rxd5 Ne7 44. Rxh5 b6 45. Rh6+ Kg5 46. Rxb6 Kf4 47. Rf6+ Kg5 48. Rf7 Nd5 49. a4 Nf4+ 50. Rxf4 Kxf4 51. a5 Kf5 52. a6 Ke6 53. a7 Kd5 54. a8=Q+ Ke6 55. Ke4 Kd6 56. Qa6+ Ke7 57. Ke5 Kf7 58. Qf6+ Kg8 59. Qe7 Kh8 60. Kf6 Kg8 61. Qg7# 1-0

[Event "Perth AUS Open"]
[Site "?"]
[Date "2023.01.02"]
[Round "1.42"]
[White "Manganas, Alexander"]
[Black "Gao, Arthur"]
[Result "0-1"]
[WhiteElo "1155"]
[BlackElo "1754"]
[PlyCount "42"]
[EventDate "2023.01.??"]
[EventRounds "11"]
[EventCountry "AUS"]
[SourceVersionDate "2023.01.02"]

1. e4 c5 2. d4 cxd4 3. c3 dxc3 4. Nxc3 Nc6 5. Nf3 e6 6. Bb5 Bb4 7. Bxc6 bxc6 8. Qd4 Bxc3+ 9. bxc3 Qf6 10. e5 Qd8 11. Qg4 g6 12. Ba3 h5 13. Qf4 Nh6 14. h3 Nf5 15. O-O Ba6 16. Rfd1 Rc8 17. g4 hxg4 18. hxg4 Nh4 19. Ng5 Qxg5 20. Qg3 Qxe5 21. f4 Qe4 0-1

[Event "Perth AUS Open"]
[Site "?"]
[Date "2023.01.02"]
[Round "1.52"]
[White "Pavelic, Toni Martin"]
[Black "Can, Ryan"]
[Result "0-1"]
[WhiteElo "1348"]
[BlackElo "1658"]
[PlyCount "54"]
[EventDate "2023.01.??"]
[EventRounds "11"]
[EventCountry "AUS"]
[SourceVersionDate "2023.01.02"]

1. e4 c5 2. Nf3 e6 3. d4 cxd4 4. Nxd4 Nf6 5. e5 Qa5+ 6. Nc3 Qxe5+ 7. Be2 Bb4 8. O-O Nc6 9. Nxc6 dxc6 10. Bd2 O-O 11. a3 Ba5 12. b4 Bc7 13. g3 Rd8 14. Re1 Qd4 15. Bd3 Bd7 16. Ne2 Qg4 17. Bc3 Nd5 18. Bb2 e5 19. c4 Nf6 20. Qc2 e4 21. Bxf6 exd3 22. Bxd8 dxc2 23. Bxc7 Re8 24. Nf4 Rxe1+ 25. Rxe1 Qd1 26. Nd3 Qxe1+ 27. Nxe1 c1=Q 0-1

[Event "Perth AUS Open"]
[Site "?"]
[Date "2023.01.03"]
[Round "2.1"]
[White "Young, Micah"]
[Black "Tin Jingyao"]
[Result "0-1"]
[WhiteElo "1845"]
[BlackElo "2598"]
[PlyCount "94"]
[EventDate "2023.01.??"]
[EventRounds "11"]
[EventCountry "AUS"]
[SourceVersionDate "2023.01.02"]

1. e4 e5 2. Nf3 d6 3. d4 exd4 4. Nxd4 Nf6 5. Nc3 Be7 6. Be2 O-O 7. O-O Re8 8. Bf3 Bf8 9. Re1 c6 10. Bf4 Nbd7 11. Qd2 Ne5 12. Rad1 Bd7 13. b3 b5 14. Nf5 Nxf3+ 15. gxf3 Bxf5 16. exf5 d5 17. Rxe8 Qxe8 18. Kh1 Qc8 19. Qd3 Nd7 20. Qd2 Nc5 21. f6 g6 22. a4 bxa4 23. Nxa4 Nxa4 24. bxa4 Qf5 25. Qd4 Re8 26. Kg2 c5 27. Qd2 Qxf6 28. Bg3 d4 29. Qa5 h5 30. h4 Qf5 31. Qb5 Re6 32. Rd3 Re1 33. Qb8 Qe6 34. Rd2 Ra1 35. Be5 Qa6 36. Rd3 Rxa4 37. Qd8 Qe6 38. Bf4 Rb4 39. Ra3 Rb7 40. Bg3 Rb1 41. Rxa7 Qe2 42. Bh2 Rf1 43. Bg1 Qe1 44. f4 Rxg1+ 45. Kf3 Qd1+ 46. Ke4 Qe2+ 47. Kd5 Qe6# 0-1

[Event "Perth AUS Open"]
[Site "?"]
[Date "2023.01.03"]
[Round "2.2"]
[White "Kuybokarov, Temur"]
[Black "Hardegen, Kathryn"]
[Result "1-0"]
[WhiteElo "2558"]
[BlackElo "1887"]
[PlyCount "75"]
[EventDate "2023.01.??"]
[EventRounds "11"]
[EventCountry "AUS"]
[SourceVersionDate "2023.01.02"]

1. e4 e5 2. Nf3 Nc6 3. Bb5 Nf6 4. O-O d6 5. d4 Nd7 6. c4 Be7 7. d5 Ncb8 8. c5 O-O 9. cxd6 Bxd6 10. Nc3 h6 11. Be3 a6 12. Bd3 Nf6 13. Rc1 Bg4 14. h3 Bxf3 15. Qxf3 Nbd7 16. Ne2 Kh7 17. Rc2 Qe7 18. Rfc1 g6 19. Nc3 Kg7 20. Na4 b6 21. Qe2 Nb8 22. a3 Nh5 23. Qd2 Nf4 24. Bf1 g5 25. g3 Ng6 26. h4 Qe8 27. b3 f6 28. h5 Ne7 29. Rxc7 Bxc7 30. Rxc7 Nd7 31. Bh3 Rd8 32. Nxb6 Nxb6 33. Bxb6 Kh8 34. Bc5 Rf7 35. d6 Ng8 36. d7 Rfxd7 37. Bxd7 Qxh5 38. Bf5 1-0

[Event "Perth AUS Open"]
[Site "?"]
[Date "2023.01.03"]
[Round "2.3"]
[White "Stewart, Clint"]
[Black "Morris, James"]
[Result "0-1"]
[WhiteElo "1799"]
[BlackElo "2456"]
[PlyCount "52"]
[EventDate "2023.01.??"]
[EventRounds "11"]
[EventCountry "AUS"]
[SourceVersionDate "2023.01.02"]

1. f4 d5 2. Nf3 g6 3. g3 Bg7 4. Bg2 Nh6 5. c3 c5 6. d3 Nc6 7. e4 d4 8. Bd2 O-O 9. O-O e5 10. h3 dxc3 11. Bxc3 f6 12. Qb3+ Nf7 13. Bd2 Qe7 14. g4 Be6 15. Qd1 exf4 16. Bxf4 Rad8 17. Nc3 Nb4 18. Ne1 Qd7 19. Qa4 Qxa4 20. Nxa4 b6 21. Rd1 Bxa2 22. Nc3 Bb3 23. Rd2 Rd7 24. Kh1 Rfd8 25. Rf3 Nc6 26. Bf1 Nfe5 0-1

[Event "Perth AUS Open"]
[Site "?"]
[Date "2023.01.03"]
[Round "2.4"]
[White "Johansen, Darryl K"]
[Black "Harris, Eamon"]
[Result "1-0"]
[WhiteElo "2360"]
[BlackElo "1884"]
[PlyCount "63"]
[EventDate "2023.01.??"]
[EventRounds "11"]
[EventCountry "AUS"]
[SourceVersionDate "2023.01.02"]

1. c4 e5 2. g3 Nf6 3. Bg2 d5 4. cxd5 Nxd5 5. Nc3 Be6 6. Nf3 Nc6 7. d3 Bc5 8. Ng5 Nxc3 9. bxc3 Bf5 10. Qb3 O-O 11. Qxb7 Bd7 12. Bxc6 Rb8 13. Qxb8 Qxb8 14. Bxd7 Qb6 15. O-O Rd8 16. Ba4 h6 17. Ne4 Be7 18. Bb3 Kf8 19. Be3 Qc6 20. f4 f5 21. fxe5 Qg6 22. Nc5 Bxc5 23. Bxc5+ Ke8 24. e6 Rc8 25. d4 Qg5 26. d5 Qg4 27. Rf4 Qh5 28. e4 g6 29. exf5 gxf5 30. Raf1 c6 31. Rxf5 Qg6 32. Rf8# 1-0

[Event "Perth AUS Open"]
[Site "?"]
[Date "2023.01.03"]
[Round "2.5"]
[White "Laubbacher, Jamie"]
[Black "Vo, Thi Kim Phung"]
[Result "0-1"]
[WhiteElo "1797"]
[BlackElo "2343"]
[PlyCount "70"]
[EventDate "2023.01.??"]
[EventRounds "11"]
[EventCountry "AUS"]
[SourceVersionDate "2023.01.02"]

1. c4 e6 2. Nc3 d5 3. e3 Nf6 4. Nf3 c5 5. cxd5 Nxd5 6. Qc2 Nc6 7. a3 Nxc3 8. Qxc3 Bd7 9. Be2 Rc8 10. O-O Qa5 11. Qxa5 Nxa5 12. Ne5 Ba4 13. b4 Nc6 14. Bb2 Nxe5 15. Bxe5 f6 16. Bc3 Be7 17. Rfc1 Kf7 18. f4 Rhd8 19. g4 Bb3 20. Bf3 Bd5 21. Kf2 h5 22. e4 hxg4 23. exd5 gxf3 24. dxe6+ Kxe6 25. Rg1 Bf8 26. Rae1+ Kf5 27. Kxf3 cxb4 28. Bxb4 Bxb4 29. axb4 Rc7 30. Rc1 Rd3+ 31. Ke2 Rxc1 32. Rxg7 Rb3 33. Rxb7 Rc4 34. Rxa7 Rcxb4 35. Rd7 Re4+ 0-1

[Event "Perth AUS Open"]
[Site "?"]
[Date "2023.01.03"]
[Round "2.6"]
[White "Wallis, Christopher"]
[Black "Janceski, Alex"]
[Result "1-0"]
[WhiteElo "2313"]
[BlackElo "1821"]
[PlyCount "71"]
[EventDate "2023.01.??"]
[EventRounds "11"]
[EventCountry "AUS"]
[SourceVersionDate "2023.01.02"]

1. d4 d5 2. c4 e6 3. Nf3 Nf6 4. g3 c6 5. Bg2 Be7 6. O-O O-O 7. Qc2 Nbd7 8. Nbd2 h6 9. e4 dxe4 10. Nxe4 Nxe4 11. Qxe4 Nf6 12. Qe2 Re8 13. Bd2 a5 14. Bc3 c5 15. Rad1 Nd7 16. dxc5 Bxc5 17. Nd4 Qb6 18. a3 a4 19. Nb5 Be7 20. Qg4 Nf6 21. Qf4 Rd8 22. Nc7 Rb8 23. Rxd8+ Bxd8 24. Nd5 exd5 25. Qxb8 Bf5 26. cxd5 Kh7 27. Qf4 Bg6 28. Qxa4 Be7 29. Qa5 Qd6 30. Bb4 Qd7 31. Bxe7 Qxe7 32. Re1 Qd6 33. Qb4 Qa6 34. h3 Nd7 35. d6 Nc5 36. Qxc5 1-0

[Event "Perth AUS Open"]
[Site "?"]
[Date "2023.01.03"]
[Round "2.7"]
[White "Ellis, David"]
[Black "Liu, Yi"]
[Result "0-1"]
[WhiteElo "1770"]
[BlackElo "2303"]
[PlyCount "78"]
[EventDate "2023.01.??"]
[EventRounds "11"]
[EventCountry "AUS"]
[SourceVersionDate "2023.01.02"]

1. Nf3 d5 2. c4 e6 3. b3 Nf6 4. Bb2 c5 5. e3 Nc6 6. Be2 d4 7. exd4 cxd4 8. d3 e5 9. O-O Bc5 10. a3 a5 11. Nbd2 O-O 12. Re1 Re8 13. Qc2 h6 14. g3 Bf5 15. Nh4 Bh7 16. Bf3 g5 17. Ng2 Bf8 18. Ne4 Nd7 19. g4 f5 20. gxf5 Bxf5 21. Ng3 Bg6 22. Be4 Bf7 23. Qe2 Nc5 24. Bxc6 bxc6 25. b4 Na4 26. bxa5 Bg6 27. Qc2 Nxb2 28. Qxb2 Bxd3 29. Qb3 Bg6 30. c5+ Qd5 31. Qxd5+ cxd5 32. Rec1 Rxa5 33. c6 Rxa3 34. Rxa3 Bxa3 35. Ra1 Bf8 36. Ra5 Bf7 37. Ne1 e4 38. Nc2 d3 39. Nd4 d2 0-1

[Event "Perth AUS Open"]
[Site "?"]
[Date "2023.01.03"]
[Round "2.8"]
[White "Gong, Patrick"]
[Black "Rozuwiecka, Anna"]
[Result "0-1"]
[WhiteElo "2292"]
[BlackElo "1798"]
[PlyCount "74"]
[EventDate "2023.01.??"]
[EventRounds "11"]
[EventCountry "AUS"]
[SourceVersionDate "2023.01.02"]

1. Nf3 c5 2. c4 g6 3. g3 Bg7 4. Bg2 Nc6 5. O-O e6 6. Nc3 Nge7 7. d4 Nxd4 8. Nxd4 cxd4 9. Nb5 Nf5 10. e4 dxe3 11. g4 a6 12. gxf5 exf2+ 13. Rxf2 axb5 14. f6 Bf8 15. Be3 bxc4 16. b3 cxb3 17. a4 Qa5 18. Qxb3 d5 19. Bd2 Qa7 20. Rc1 Bd7 21. Be3 Qxa4 22. Qxb7 Bd6 23. Qb6 Qa6 24. Qd4 Qa4 25. Qb6 Qb4 26. Qxb4 Bxb4 27. Rb2 Bd6 28. Rb7 Rc8 29. Ra1 Bc6 30. Rb6 Kd7 31. Raa6 Rc7 32. Bf1 Rhc8 33. Bb5 Be5 34. Rxc6 Rxc6 35. Bd2 Bxf6 36. Ba5 Bd4+ 37. Kf1 Kd6 0-1

[Event "Perth AUS Open"]
[Site "?"]
[Date "2023.01.03"]
[Round "2.9"]
[White "Gao, Arthur"]
[Black "Stojic, Dusan"]
[Result "0-1"]
[WhiteElo "1754"]
[BlackElo "2219"]
[PlyCount "66"]
[EventDate "2023.01.??"]
[EventRounds "11"]
[EventCountry "AUS"]
[SourceVersionDate "2023.01.02"]

1. e4 c5 2. Nf3 Nc6 3. Bb5 e6 4. Bxc6 bxc6 5. O-O d5 6. e5 Ne7 7. d3 h6 8. c4 g5 9. Nc3 Ng6 10. Re1 dxc4 11. dxc4 Qxd1 12. Nxd1 g4 13. Nd2 Bg7 14. Ne4 Nxe5 15. Nxc5 Nxc4 16. Re4 Ne5 17. Bf4 Nd7 18. Rc1 Ke7 19. b3 Nf6 20. Ra4 Nd5 21. Bd2 e5 22. Ne3 Rd8 23. Nxg4 Nb6 24. Bb4 Bxg4 25. Ra6 Ke8 26. f3 Bc8 27. Ra5 Rd5 28. Ne4 Rxa5 29. Bxa5 f5 30. Nd6+ Ke7 31. Bb4 Ke6 32. Rxc6 Bd7 33. Rc7 Bf8 0-1

[Event "Perth AUS Open"]
[Site "?"]
[Date "2023.01.03"]
[Round "2.10"]
[White "Jordan, William"]
[Black "Chinbat, Chinguun"]
[Result "1-0"]
[WhiteElo "2181"]
[BlackElo "1787"]
[PlyCount "135"]
[EventDate "2023.01.??"]
[EventRounds "11"]
[EventCountry "AUS"]
[SourceVersionDate "2023.01.02"]

1. e4 e6 2. d4 d5 3. e5 c5 4. c3 Nc6 5. Nf3 Qb6 6. a3 Nge7 7. b4 cxd4 8. cxd4 Nf5 9. Be3 Be7 10. Nc3 Bd7 11. Bd3 Nxe3 12. fxe3 O-O 13. O-O f5 14. exf6 Bxf6 15. Qc2 h6 16. Na4 Qd8 17. Nc5 Bc8 18. Rac1 Ne7 19. Qe2 b6 20. Nb3 Bb7 21. Bb1 Rc8 22. Qd3 g6 23. Ne5 Bxe5 24. dxe5 Rxc1 25. Rxc1 Qb8 26. Qc3 Nc6 27. Nd4 Nxe5 28. Nxe6 Re8 29. Qc7 Qxc7 30. Nxc7 Rc8 31. Rc3 Rd8 32. Nb5 a6 33. Nd4 Kf7 34. Kf2 Rc8 35. Rxc8 Bxc8 36. Ba2 Be6 37. Ke2 Ng4 38. Kd3 Nf6 39. Bb3 Ng4 40. h3 Ne5+ 41. Kc3 Ke7 42. Nxe6 Kxe6 43. e4 Kd6 44. Bxd5 g5 45. Bc4 a5 46. Be2 Kc6 47. bxa5 bxa5 48. Kd4 Kd6 49. Bh5 Nc6+ 50. Kc4 Ke5 51. Kb5 Nd4+ 52. Kxa5 Kxe4 53. Kb6 Ne6 54. a4 Kd4 55. a5 Nc5 56. a6 Nxa6 57. Kxa6 Ke3 58. Bf3 Kf2 59. Kb5 Kg3 60. Kc4 Kh4 61. Kd4 h5 62. Ke5 g4 63. hxg4 hxg4 64. Bd5 Kg3 65. Kf5 Kh4 66. Kf4 Kh5 67. g3 Kh6 68. Kxg4 1-0

[Event "Perth AUS Open"]
[Site "?"]
[Date "2023.01.03"]
[Round "2.11"]
[White "King, David"]
[Black "Fu Yihe, Rebo"]
[Result "0-1"]
[WhiteElo "1740"]
[BlackElo "2149"]
[PlyCount "68"]
[EventDate "2023.01.??"]
[EventRounds "11"]
[EventCountry "AUS"]
[SourceVersionDate "2023.01.02"]

1. e4 c5 2. Nf3 e6 3. d4 cxd4 4. Nxd4 Nc6 5. Nc3 Qc7 6. Be3 a6 7. Bd3 Nf6 8. O-O Bb4 9. Qe2 O-O 10. f4 d6 11. Kh1 Nxd4 12. Bxd4 e5 13. Be3 Bxc3 14. bxc3 Qxc3 15. Rab1 b5 16. Bd2 Qc6 17. Qf3 Be6 18. fxe5 dxe5 19. a3 Nd7 20. Qg3 f6 21. Rf2 Kh8 22. Rbf1 Rf7 23. h4 Nc5 24. Qe3 Rd8 25. h5 Bc4 26. h6 g6 27. Bc3 Bxd3 28. Rxf6 Rxf6 29. Rxf6 Qxf6 30. Qxc5 Kg8 31. cxd3 Rxd3 32. Qc8+ Rd8 33. Qg4 Qf1+ 34. Kh2 Qf4+ 0-1

[Event "Perth AUS Open"]
[Site "?"]
[Date "2023.01.03"]
[Round "2.12"]
[White "Kargosha, Bahman"]
[Black "Holliday, Bruce M"]
[Result "1-0"]
[WhiteElo "2096"]
[BlackElo "1760"]
[PlyCount "93"]
[EventDate "2023.01.??"]
[EventRounds "11"]
[EventCountry "AUS"]
[SourceVersionDate "2023.01.02"]

1. d4 Nf6 2. c4 e6 3. Nc3 Bb4 4. e3 O-O 5. Bd3 Re8 6. Nf3 Bxc3+ 7. bxc3 d6 8. O-O Nc6 9. e4 e5 10. d5 Na5 11. Nd2 b6 12. Nb3 Nb7 13. f4 exf4 14. Bxf4 Ng4 15. Qf3 Qe7 16. Qg3 Nc5 17. Bc2 Bd7 18. Rae1 Ne5 19. Bg5 Qf8 20. Nd4 Kh8 21. Nf5 Bxf5 22. Rxf5 f6 23. Ref1 Ng6 24. e5 Rxe5 25. Rxf6 Qe8 26. Bxg6 hxg6 27. Rf7 Ne4 28. Qh4+ Kg8 29. Re7 Rxe7 30. Bxe7 Nf6 31. Bxf6 Qe3+ 32. Qf2 Qxf2+ 33. Rxf2 gxf6 34. Rxf6 Kg7 35. Re6 Kf7 36. h4 Rh8 37. g3 Rh5 38. Kg2 b5 39. Re4 a6 40. Kf3 Rf5+ 41. Rf4 bxc4 42. Rxf5+ gxf5 43. Kf4 Kg6 44. h5+ Kxh5 45. Kxf5 Kh6 46. g4 Kg7 47. Ke6 1-0